Cohen-Macaulay rings

Αποθηκεύτηκε σε:
Λεπτομέρειες βιβλιογραφικής εγγραφής
Κύριος συγγραφέας: Bruns, Winfried 1946-
Άλλοι συγγραφείς: Herzog, Jurgen
Μορφή: Βιβλίο
Γλώσσα:English
Δημοσίευση: Cambridge : Cambridge University press, c1993
Σειρά:Cambridge studies in advanced mathematics ; ; 39
Θέματα:
Ετικέτες: Προσθήκη ετικέτας
Δεν υπάρχουν, Καταχωρήστε ετικέτα πρώτοι!

MARC

LEADER 00000nam a2200000 i 4500
001 1/76006
008 990329s1993 eng d
020 |a 0-521-41068-1 
035 |l 10049487 
040 |a GR-MY-UA  |b gre  |e aacr 
041 0 |a eng 
082 0 |a 512.4 
100 1 |a Bruns, Winfried  |d 1946- 
245 1 0 |a Cohen-Macaulay rings /  |c Winfried Bruns, Jurgen Herzog 
260 |a Cambridge :   |b Cambridge University press,   |c c1993 
300 |a xi, 403 p.;  |b ill.;  |c 24 cm. 
490 1 |a Cambridge studies in advanced mathematics  |v ; 39 
500 |a Includes bibliographical references and index 
650 0 0 |a Cohen-Macaulay rings. 
700 1 |a Herzog, Jurgen. 
830 0 |a Cambridge studies in advanced mathematics ;  |v ; 39 
852 |a INST  |b SAMOS  |e 19990329  |h 512.4 BRU  |p 005300024431  |q 005300024431  |t BK  |y 0 
901 |a BIBL-1999-1 
909 |a Σ  |b 063743 
922 |a 3ΕΛΗ  |b 199901  |c ΚΠΣ  |d GLORY